000 01284nam0a2200349 4500
001 RU\NLR\BIBL_A\022700035
005 20260410161703.0
010 _a978-5-17-175064-0
_92000
021 _aRU
_bКН-П-25-071667
_9КН-П-25-6942
035 _a(NLR Aleph) 022700035
090 _a13653266
_c13653266
100 _a20260114d2025 e y0rusy50 ca
101 0 _arus
102 _aRU
105 _aac z 000zd
181 0 _ai2
_baxxe
181 0 _ab2
_bab2e
182 0 _an
200 1 _a100 великих людей
_fсоставление Анастасии Климиной
203 _aТекст
_aИзображение
_bвизуальные
_cнепосредственные
210 _aМосква
_cАСТ, Времена
_d2025
215 _a219, [4] с.
_cцв. ил., портр.
_d22
225 1 _aЗолотая сотня
333 _a12+
532 1 1 _aСто великих людей
606 1 _aВсеобщая история
_xДеятели
_jПопулярные издания
_2nlr_sh1
_2nlr_sh2
_3RU\NLR\AUTH\661416803
686 1 _aТ3(0)0-8я9
702 1 _aКлимина
_bА. Е.
_gАнастасия Евгеньевна
_4220
942 _cBOOK
980 _aNB